Naturaleza : seres y fenómenos : libro de consulta 6to grado
Saved in:
| Other Authors: | |
|---|---|
| Format: | Book |
| Language: | Spanish |
| Published: |
Madrid :
1972
|
| Textbook Catalogue: | BNM: Library Catalog Search Result |
| Textbook Classification: |
|
| Series: | Dya básica
|
| Subjects: | |
| Tags: |
Add Tag
No Tags, Be the first to tag this record!
|
| Added to: | 1997-08-11 |
| Changed in: | 2022-03-14 |
MARC
| LEADER | 00000cam a22000004a 4500 | ||
|---|---|---|---|
| 003 | AR-BaBNM | ||
| 007 | ta | ||
| 008 | 970812s1972 sp ||||b |||||||||||spa|d | ||
| 005 | 20220314135606.0 | ||
| 035 | |a 000036377 | ||
| 040 | |a AR-BaBNM |b spa | ||
| 080 | |a 5 | ||
| 245 | 0 | 0 | |a Naturaleza : |b seres y fenómenos : libro de consulta 6to grado / |c Tomás Alvira Alvira ... [et al.] |
| 260 | |a Madrid : |b Magisterio Español, |c 1972 | ||
| 300 | |a 142 p. : |b il. | ||
| 490 | 0 | |a Dya básica | |
| 650 | 4 | |a Ciencias naturales |9 6981 |a Enseñanza de la física |9 7747 |a Enseñanza de la biología |9 7740 |a Educación General Básica |9 7604 |a Enseñanza de las ciencias naturales |9 7762 | |
| 655 | 4 | |a Libros de texto | |
| 651 | 4 | |a España |9 5783 | |
| 700 | 1 | |a Alvira Alvira, Tomás |a Martín, Josefina |a Oñorbe, Ana María |a Ruiz, Aurora | |
| 942 | |2 udc |c LIBRO | ||
| 999 | |c 70739 |d 70739 | ||
| 999 | |c KOHA-OAI-TEST:70739 |d 70739 | ||